[Event "Lindores Abbey Rapid Challenge"]
[Site "Online"]
[Date "2020.05.19"]
[Round "1.1"]
[White "Carlsen, Magnus"]
[Black "Grischuk, Alexander"]
[Result "1-0"]
[WhiteElo "2881"]
[BlackElo "2784"]
[Annotator "TA"]
[PlyCount "91"]
[EventDate "2020.05.19"]
[EventType "tourn"]
[SourceTitle "playchess.com"]
[Source "ChessBase"]
[SourceQuality "1"]

{[%evp 10,91,24,0,0,-6,15,0,0,0,0,-39,20,-4,16,17,29,29,40,23,22,10,16,10,20,11,12,4,21,20,63,58,59,69,110,116,120,107,96,109,119,88,105,119,106,110,138,109,123,104,106,114,119,100,110,122,154,149,157,142,216,221,1054,1026,29965,29969,29969,29969,29949,11646,5257,1702,1363,766,1316,1210,1169,1167,1155,1152,29963,5281,29982,29983]} 1. e4 e5 2. Nf3 Nc6 3. Bb5 Nf6 4. d3 Bc5 5. Bxc6 dxc6 6. Nc3 (6. Nbd2 {is more complex.} Be6 7. O-O Bd6 8. b3 Nd7 9. Nc4) 6... O-O {C48: Four Knights: 4 Bb5, replies other than 4...Bb4.} 7. Be3 Bd6 8. Bg5 {[#]} Qe7 $146 {The position is equal.} ({Predecessor:} 8... Re8 9. h3 c5 10. Nd5 Be7 11. Nxe7+ Qxe7 12. O-O h6 13. Be3 Nd7 14. Nd2 Nb8 {1-0 (29) Carlsen,M (2837)-Karjakin,S (2760) Riadh 2017}) 9. h3 Re8 10. g4 Qe6 ({Better is} 10... h6 $15 11. Be3 a5) 11. Nh4 $11 Nd7 12. Nf5 Nc5 13. h4 Bf8 14. h5 f6 15. Be3 Qf7 16. f4 exf4 17. Bxf4 b5 {Strongly threatening ...Bxf5.} 18. Qf3 Ne6 19. Be3 Bb7 20. O-O-O b4 21. Na4 c5 {[#] White leaves nothing to chance now.} 22. h6 $1 {[%cal Rh6g7] Black must now prevent hxg7.} g6 {[#] ...Bc6 is the strong threat.} 23. Ng7 $1 {[%mdl 512]} Bxg7 (23... Nxg7 24. hxg7) 24. hxg7 {And now Rh2 would win.} c4 {[#]} 25. Nc5 $1 {[%cal Rc5b7]} Nxc5 26. Bxc5 cxd3 27. cxd3 a5 28. Bf8 Rxf8 29. gxf8=Q+ Rxf8 30. Kb1 Qd7 31. Rc1 a4 32. Qe3 Rf7 33. Rc4 b3 34. a3 Qxg4 (34... Ba6 $16) 35. Rxa4 $18 f5 $2 (35... Qd7 36. Rb4 c5 37. Rxb3 c4 38. dxc4 f5) 36. Rd4 fxe4 37. Rd8+ {[%mdl 64] Zwischenzug} Rf8 38. Rxf8+ Kxf8 {[%mdl 4096] Endgame KQR-KQB} 39. Qc5+ Ke8 40. Qxc7 (40. Qe5+ $142 Kd8 41. Qh8+ Ke7 42. Rxh7+ Ke6 43. Qe8+ Kd6 44. Qd8+ Ke5 45. Qxc7+ {[%mdl 64] Double Attack} Kd4 46. Qc3+ Kd5 47. Qxb3+ Kd4 48. Rxb7) 40... Bc8 41. Qe5+ Kd8 42. Qh8+ Kc7 43. Rxh7+ Kc6 44. Qc3+ Kd6 45. Qd4+ (45. Qc7+ $142 Kd5 46. Qd8+ Ke5 47. d4+ Kf4 48. Rh4 Qxh4 49. Qxh4+ Kf3 50. Qf6+ Bf5 51. d5) 45... Ke6 46. dxe4 {Accuracy: White = 79%, Black = 57%.} 1-0

[Event "Lindores Abbey Rapid Challenge"]
[Site "Online"]
[Date "2020.05.19"]
[Round "1.1"]
[White "Ding, Liren"]
[Black "Dubov, Daniil"]
[Result "1-0"]
[WhiteElo "2836"]
[BlackElo "2770"]
[Annotator "TA"]
[PlyCount "119"]
[EventDate "2020.05.19"]
[EventType "tourn"]
[SourceTitle "playchess.com"]
[Source "ChessBase"]
[SourceQuality "1"]

{[%evp 13,119,20,22,14,4,4,11,12,0,13,13,13,13,5,16,27,22,0,0,0,0,0,0,0,0,-24,-41,-59,-54,-104,0,-50,-65,-61,-22,-89,-64,-86,-57,-57,-54,-32,-5,-7,-6,-5,60,44,121,130,132,116,123,114,110,87,236,198,203,192,254,250,340,322,452,446,545,541,500,527,644,649,635,634,614,489,739,793,790,788,738,691,750,755,728,676,647,643,768,758,775,738,978,958,926,880,4698,2635,29981,29982,29982,29983,29986,29987,29987,29988,29991,29992]} 1. e4 c5 2. Nf3 Nc6 3. Bb5 g6 4. Bxc6 bxc6 5. O-O Bg7 6. Re1 Nh6 7. c3 O-O 8. h3 {B31: Sicilian: 2...Nc6 3 Bb5 g6.} f5 9. e5 Nf7 10. d4 {The position is equal.} cxd4 11. cxd4 Bb7 12. Na3 {[%cal Bb1a3,Ba3c2,Bc2d4][%mdl 32]} c5 13. dxc5 Qa5 14. Be3 Qb4 {[#]} 15. Nc2 $5 $146 {[%mdl 8] New and interesting.} ({Predecessor:} 15. Qd4 Qxd4 16. Bxd4 Bxf3 17. gxf3 Ng5 18. Kg2 Ne6 19. Rad1 Rfc8 20. b4 Rab8 21. Nc2 {½-½ (21) Svidler,P (2719)-Dubov,D (2676) Hamburg 2019}) 15... Qxb2 16. Ncd4 Be4 ({Wrong is} 16... Nxe5 $2 17. Nxe5 f4 18. Rb1 $18) 17. Re2 Qb7 18. Rc1 Rac8 19. Bf4 e6 20. Rd2 Bd5 21. h4 h6 ({Better is} 21... Qb4 $17 22. Qc2 Rc7) 22. Bg3 (22. h5 $5 g5 23. Nxf5 gxf4 24. Rb1 $11) 22... Rfe8 23. a4 a6 24. Rd3 (24. h5 $11 g5 25. Rb1) 24... Rc7 25. Qd2 Be4 26. Rdc3 Qd5 27. Qe3 Bf8 {[%cal Rf8c5]} 28. c6 dxc6 29. Nxc6 Bxf3 (29... Ba3 $11 30. Ne7+ Rexe7 31. Rxc7 Bxc1 32. Rxc1 Rd7) 30. gxf3 $14 Qa2 (30... Ba3 $14 31. R1c2 Rd7) 31. Qb6 $16 Rd7 32. Qxa6 Ba3 33. Rf1 g5 34. f4 $36 {[%mdl 2048] White is on the roll.} g4 {Black cannot hold the game after this.} (34... gxf4 $16 35. Bxf4 Kh7) 35. Qc4 Qxc4 36. Rxc4 Ra8 (36... Nd8 $142 37. Ra1 Rc7) 37. Ra1 $18 Rd3 38. Kg2 Ra6 (38... Nd8 $142 39. a5 Bf8 40. Nxd8 Rdxd8) 39. h5 Bb2 40. Ra2 Rc3 41. Ne7+ Kf8 42. Ng6+ Kg7 43. Rxc3 Bxc3 44. Bh4 Bb4 (44... Ra7 $142 45. f3 gxf3+ 46. Kxf3 Kg8) 45. Bf6+ Kg8 46. Rc2 {[#] Hoping for Rc8+.} Ra8 47. Rc6 Nd8 48. Rc7 {[%csl Gf6][%cal Rc7g7]} Nf7 49. Rc4 Ba5 50. Rc6 Re8 51. f3 Rb8 52. fxg4 Rb2+ 53. Kf3 Rb3+ 54. Ke2 fxg4 55. Rc8+ Kh7 56. Nf8+ {White mates.} Kg8 57. Nxe6+ {[%mdl 64] [#] Discovered Attack} Kh7 58. Nf8+ Kg8 59. Ng6+ Kh7 60. e6 {Accuracy: White = 89%, Black = 50%.} 1-0

[Event "Lindores Abbey Rapid Challenge"]
[Site "Online"]
[Date "2020.05.19"]
[Round "1.1"]
[White "Nakamura, Hikaru"]
[Black "Karjakin, Sergey"]
[Result "1-0"]
[WhiteElo "2829"]
[BlackElo "2709"]
[Annotator "TA"]
[PlyCount "67"]
[EventDate "2020.05.19"]
[EventType "tourn"]
[SourceTitle "playchess.com"]
[Source "ChessBase"]
[SourceQuality "1"]

{[%evp 9,67,6,0,3,6,12,11,0,20,10,9,7,8,12,8,9,19,4,22,31,55,49,36,37,47,29,68,67,82,83,84,70,84,50,101,103,135,123,141,133,141,135,311,335,552,538,689,254,422,418,491,492,560,567,561,573,552,537,932,697]} 1. c4 Nf6 2. Nc3 e5 3. Nf3 Nc6 4. e4 Bb4 5. d3 d6 6. a3 {A28: English Opening: Four Knights Variation.} Bc5 {6...Bc5 scores better than 6...Bxc3+.} 7. b4 Bb6 8. Na4 {The position is equal.} Bg4 9. Nxb6 axb6 10. Bb2 Nd7 11. Be2 {[#]} h5 $146 ({Predecessor:} 11... O-O 12. h3 Bxf3 13. Bxf3 Nd4 14. O-O Nxf3+ 15. Qxf3 Qg5 16. Rae1 Nb8 17. d4 Nc6 18. dxe5 dxe5 {1-0 (49) Nakamura,H (2746)-Sevian,S (2642) Saint Louis 2019}) 12. O-O Qf6 13. Ne1 {Black should prevent f3.} Bxe2 14. Qxe2 Nd4 15. Bxd4 exd4 16. f4 c5 17. Nf3 Qxf4 {[#]} 18. Nxd4 $1 {[%mdl 512]} Qe5 {[#]} (18... cxd4 19. Rxf4) 19. Nb5 $1 {Black must now prevent d4!} O-O 20. Rae1 g6 21. Qf2 Kg7 (21... Qg5 $14) 22. Re3 $16 Ra4 23. Qd2 Qe7 24. d4 ({Much less strong is} 24. bxc5 bxc5 25. Qc2 Raa8 $14) 24... Kh7 25. Ref3 Kg8 $2 {[#] This move loses the game for Black.} (25... Raa8 $16 26. Qf4 Kg8 27. Nxd6 {[%mdl 64] Double Attack} f6) 26. Nc3 $1 $18 {[%cal Rc3a4]} Raa8 $2 (26... b5 27. e5 (27. Nxb5 cxd4 28. Qxd4 Ne5 $18) (27. cxb5 Rxa3 28. dxc5 Ne5 $16) 27... dxe5) 27. Nd5 Qh4 28. Rf4 $2 (28. Qh6) 28... Qd8 $2 (28... Qg5 29. Nc7 Rab8) 29. Qf2 f6 {[#]} 30. Qg3 $1 {[%mdl 512] White is clearly winning.} Kh7 {[#]} 31. e5 $1 {[%mdl 576] Deflection} dxe5 32. dxe5 Nxe5 33. Rxf6 Re8 {[#]} 34. Rf7+ $1 {[%mdl 512] Accuracy: White = 87%, Black = 48%.} 1-0

[Event "Lindores Abbey Rapid Challenge"]
[Site "Online"]
[Date "2020.05.19"]
[Round "1.1"]
[White "Aronian, Levon"]
[Black "Firouzja, Alireza"]
[Result "1-0"]
[WhiteElo "2778"]
[BlackElo "2703"]
[Annotator "TA"]
[PlyCount "101"]
[EventDate "2020.05.19"]
[EventType "tourn"]
[SourceTitle "playchess.com"]
[Source "ChessBase"]
[SourceQuality "1"]

{[%evp 14,101,15,12,43,0,3,1,52,47,47,40,41,43,38,25,81,81,85,69,95,116,113,82,142,65,92,72,149,157,164,134,163,122,140,136,166,167,166,83,93,79,75,90,142,115,99,54,57,-16,-5,-11,-13,-12,-2,-79,81,-41,-47,-68,-8,-15,-14,-241,-235,-300,-246,-561,-545,-539,-210,-508,-35,-100,-115,-97,-39,-85,-8,-43,37,30,159,150,372,372,352,316,1411,1386]} 1. d4 Nf6 2. Nf3 d5 3. e3 e6 4. Nbd2 c5 5. b3 Bd6 6. Bb2 O-O 7. Bd3 Nc6 8. O-O Qc7 {D05: Colle System with ...e6.} 9. c4 cxd4 10. exd4 Bd7 (10... b6 $11) 11. Re1 {[#]} Rfd8 $146 ({Predecessor:} 11... Rad8 12. c5 Bf4 13. g3 Bh6 14. a3 {½-½ (14) Huber,F (2007)-Khamenya,V (1770) Bayerisch Eisenstein 2018}) 12. c5 Bf4 13. g3 Bh6 14. a3 {[%cal Ba2a3,Ba3a4,Ba4a5][%mdl 32]} g6 (14... a5 $1 $11) 15. b4 $16 {[%cal Bb3b4,Bb4b5][%mdl 32]} Bg7 16. Rc1 Rac8 17. b5 Ne7 18. a4 Be8 (18... Ra8 $142) 19. Rc2 (19. Bc3 $16) 19... Nf5 20. Qe2 Qb8 (20... a6 $142) 21. Bc3 h5 22. Ra1 h4 23. a5 (23. Nxh4 $6 Nxh4 24. gxh4 Nh5 $14) 23... hxg3 24. hxg3 Nh5 {With the idea ...Nfxg3!} 25. Nf1 Nf6 26. Rb1 (26. a6 $18) 26... Ne4 27. Bxe4 dxe4 28. Qxe4 a6 (28... Qc7 $142) 29. bxa6 Bc6 30. Qe2 {Hoping for Rcb2.} Qa8 31. Ne3 (31. Rb6 $14) 31... bxa6 32. d5 $1 {[%cal Rd5c6]} Nxe3 33. Qxe3 Rxd5 34. Bxg7 (34. Be5 $11 {keeps the balance.}) 34... Rh5 $2 (34... Kxg7 $17 35. Rd2 Rh5) 35. Nh2 (35. g4 $16 Rh7 36. Rc3 Kxg7 37. Kg2) 35... Kxg7 $15 (35... Be4 36. Bb2 $16) 36. f3 Rch8 (36... Bb5 $15) 37. Rb6 $11 Qd8 $40 {[%mdl 128] Black is up to no good.} 38. Rd2 $2 (38. Qc3+ $11 f6 39. Rd2 (39. Rxc6 $2 Qd1+ 40. Kf2 Rxh2+ 41. Ke3 Rxc2 $19)) 38... Qf6 $1 $19 {[%cal Rf6a1] ( -> ...Qa1+)} 39. Rbb2 (39. Rxc6 {leads to mate.} Qa1+ 40. Rd1 Qxd1+ 41. Qe1 Qxe1+ 42. Nf1 Rh1+ 43. Kg2 Qxf1#) 39... Rh3 40. f4 $2 (40. Qf4 Qc3 41. Qd4+ Qxd4+ 42. Rxd4) 40... R8h5 41. Ng4 Rh1+ 42. Kf2 {[#]} g5 $2 (42... R5h4 $1 $19 {[%mdl 512]} 43. gxh4 Qxh4+ {[%mdl 64] Double Attack} 44. Qg3 Rf1+ $1 {[%mdl 576] Deflection} 45. Kxf1 Qxg3) 43. Qe5 (43. Ke2 $1 $15 Bb5+ 44. Kf3 {[%mdl 64] Decoy} (44. Rxb5 Qa1 $17)) 43... Qxe5 $17 44. Nxe5 {[#]} Bd5 (44... Bb5 $1 $17 45. Rxb5 gxf4) 45. Ke3 R5h3 ({Black should try} 45... gxf4+ $17 46. gxf4 f6) 46. Kd4 {Black must now prevent c6.} Rxg3 ({Black should play} 46... gxf4 $15 47. gxf4 f6) 47. c6 $14 f6 ({Not} 47... gxf4 $2 48. c7 $18) (47... Bxc6 $1 $11 {remains equal.} 48. Nxc6 gxf4) 48. Rb7+ $1 $16 Kh6 $2 (48... Kg8 $16 {was worth a try.}) 49. fxg5+ $18 fxg5 50. Kc5 Re3 $2 (50... Rc3+ 51. Kd6 Bxc6 52. Nxc6 Rcc1) 51. Ng4+ {[%mdl 64] Double Attack. Quite a comeback for White. Accuracy: White = 53%, Black = 47%.} 1-0

[Event "Lindores Abbey Rapid Challenge"]
[Site "Online"]
[Date "2020.05.19"]
[Round "1.1"]
[White "Wei, Yi"]
[Black "Duda, Jan-Krzysztof"]
[Result "1/2-1/2"]
[WhiteElo "2752"]
[BlackElo "2774"]
[Annotator "TA"]
[PlyCount "88"]
[EventDate "2020.05.19"]
[EventType "tourn"]
[SourceTitle "playchess.com"]
[Source "ChessBase"]
[SourceQuality "1"]

{[%evp 17,88,0,0,0,6,0,10,0,12,19,21,12,18,12,4,0,18,-31,-38,-42,-39,-38,-37,-29,-41,-47,-36,-37,-48,-44,-37,-41,-50,-50,-63,-43,-35,-26,-19,-60,0,0,0,-10,0,0,10,0,0,0,1,15,22,0,16,0,141,36,61,5,5,5,5,5,5,5,5,5,5,5,8,5,8]} 1. e4 c5 2. Nf3 d6 3. d4 cxd4 4. Nxd4 Nf6 5. Nc3 a6 6. g3 e5 7. Nde2 Be7 8. Bg2 O-O 9. O-O b5 10. Nd5 {B91: Sicilian Najdorf: 6 g3.} Nbd7 11. Nec3 Nb6 12. Nxf6+ Bxf6 13. b3 Qc7 14. Qd3 Be6 15. Ba3 Rfc8 16. Bb4 {[#]} Qd7 $146 ({Predecessor:} 16... a5 17. Nxb5 Qxc2 18. Qxc2 Rxc2 19. Bxd6 Nc8 20. Rfc1 Rxc1+ 21. Rxc1 Nxd6 22. Nxd6 a4 {½-½ (73) Vachier Lagrave,M (2778)-Wojtaszek,R (2749) Shenzhen 2018}) 17. Rfd1 a5 $36 {[%mdl 2048] White is under pressure.} 18. Bxd6 b4 19. Nb5 Nc4 $1 20. bxc4 Bxc4 {[%mdl 64] [#] Double Attack} 21. Qe3 {a4 is the strong threat.} Qxb5 22. a3 bxa3 23. Bxa3 Be6 24. Bf1 Qc6 25. Rd2 h6 26. h4 $1 Bd8 27. c4 a4 28. c5 Rab8 (28... Be7 $15) 29. Rd6 $11 Qe8 30. Qd2 Be7 31. Rb6 Qf8 {Strongly threatening ...Rxb6.} 32. Rxb8 Rxb8 33. Qc2 Bb3 34. Qc3 Qc8 35. Bc4 Qc7 36. Bd5 Bf6 {[#]} (36... Bxd5 $11 {remains equal.} 37. exd5 e4) 37. Rb1 ({White should try} 37. c6 $1 $16) 37... Be7 $14 38. Bxb3 (38. Rc1 $14) 38... Rxb3 $11 {The position is equal.} 39. Rxb3 axb3 40. Qxb3 {Threatening Qc4.} Bxc5 41. Qc2 Bd6 42. Qxc7 Bxc7 43. h5 Bb6 44. Kg2 Bd4 {Accuracy: White = 84%, Black = 93%.} 1/2-1/2

[Event "Lindores Abbey Rapid Challenge"]
[Site "Online"]
[Date "2020.05.19"]
[Round "1.1"]
[White "Yu, Yangyi"]
[Black "So, Wesley"]
[Result "0-1"]
[WhiteElo "2738"]
[BlackElo "2741"]
[Annotator "TA"]
[PlyCount "126"]
[EventDate "2020.05.19"]
[EventType "tourn"]
[SourceTitle "playchess.com"]
[Source "ChessBase"]
[SourceQuality "1"]

{[%evp 12,126,43,-8,1,6,12,0,0,0,1,-14,0,0,0,-6,8,-46,-21,-35,-40,-45,-42,-75,0,0,0,0,0,0,0,0,7,-9,-10,-9,-23,-18,-19,-12,0,0,0,-58,-57,-119,-85,-55,-62,-66,-50,-157,0,0,8,0,0,0,0,0,0,0,95,0,0,0,89,0,0,0,0,-23,0,0,0,0,0,0,0,0,0,0,0,0,0,0,0,-275,-262,-214,0,-366,-369,-29997,-900,-5368,-5368,-5264,-825,-730,-683,-5197,-2110,-5214,-5214,-5191,-4714,-5179,-5120,-5097,-5065,-4996,-4531,-4133,-1802,-5097,-4606]} 1. d4 Nf6 2. c4 e6 3. Nc3 d5 4. cxd5 Nxd5 5. e4 Nxc3 6. bxc3 c5 7. a3 {7.Rb1 is a critical line.} (7. Nf3 $14) 7... g6 {D35: Queen's Gambit Declined: Exchange Variation.} 8. Nf3 Bg7 9. Be2 Nc6 {[%cal Rc5d4] [#] The position is equal.} 10. e5 $146 ({Predecessor:} 10. Be3 O-O 11. O-O cxd4 12. cxd4 b6 13. Qa4 Bb7 14. Rad1 Ne7 15. Bd3 Qd6 16. Rfe1 {½-½ (37) Fridman,D (2626)-Melkumyan,H (2642) Heraklion 2017}) 10... b6 11. h4 h6 12. Be3 Bb7 13. O-O Qc7 14. Nd2 (14. dxc5 $11 Nxe5 15. Nxe5 Bxe5 16. Qa4+ Kf8 17. f4) 14... Rd8 {[%cal Rc5d4]} 15. Rc1 O-O 16. h5 g5 17. f4 gxf4 (17... Qe7 $1 $17 {[%cal Rc5d4]} 18. Nc4 gxf4 19. Rxf4 Nxe5 $1 {[%mdl 512]} 20. Nxe5 Bxe5 {[%mdl 64] Pin} 21. Rg4+ {[%mdl 64] Discovered Attack} Kh8) 18. Rxf4 $11 Ne7 19. Rg4 {aiming for Bxh6.} Nf5 20. Bf2 Kh8 21. Bf3 Rg8 22. a4 Rc8 23. Bxb7 Qxb7 24. Nf3 cxd4 25. cxd4 Rxc1 26. Qxc1 Rc8 27. Qf1 (27. Qf4 $11) 27... Qc6 $15 28. Rf4 (28. Nh4 $15) 28... Kg8 29. Nh4 Ne7 30. Be1 $1 Qxa4 31. Kh2 (31. Bd2 $1 $15) 31... Qd1 $2 ({Black should try} 31... Nd5 $17 {Hoping for ...Bxe5!} 32. Rxf7 Qxd4) 32. Rxf7 $11 Nf5 33. Rxf5 exf5 34. Qxf5 Rf8 35. Qe6+ Rf7 36. Nf3 Qc2 (36... b5 $1 $11 {keeps the balance.}) 37. Qe8+ (37. Bg3 $16) 37... Rf8 38. Qe6+ Rf7 (38... Kh7 $11) 39. Qe8+ (39. Bg3 $16) 39... Rf8 40. Qe6+ Kh7 41. Nh4 Rf1 42. Bg3 Qd1 {[%csl Gd1][%cal Rf1h1]} 43. Qg6+ Kg8 {[%csl Gd1][%cal Rf1h1]} 44. Qe8+ Bf8 {[%csl Gd1][%cal Rf1h1]} 45. Qe6+ Kh7 {[%csl Gd1][%cal Rf1h1]} 46. Qg6+ $1 Kh8 {[%csl Gd1][%cal Rf1h1]} 47. Kh3 Qxd4 {And now ...Rh1+ would win.} 48. Nf3 Rh1+ 49. Bh2 $2 {[%mdl 8192]} (49. Nh2 $11) 49... Qf4 $1 $19 50. e6 Bd6 $2 (50... a5 $19 {White must now prevent ...a4.} 51. Qe8 Qf6) 51. Qe8+ $4 {[%mdl 8192]} (51. g3 $1 $11 {and White has nothing to worry.} Qf8 52. Kg2) 51... Qf8 ({Resist} 51... Kg7 52. Qd7+ Kh8 53. Qe8+ Qf8 54. Qxf8+ Bxf8 55. Kg4 $19) 52. Qd7 $2 (52. Qxf8+ $19 Bxf8 53. Kg4) 52... Bxh2 (52... Qf5+ $142 53. g4 Qxf3+ 54. Kh4 Rxh2#) 53. Nxh2 {[%mdl 4096] Endgame KQR-KQN. Black is clearly winning.} Qf5+ {[%mdl 64] Double Attack} 54. Kg3 Qe5+ (54... Qg5+ $142 55. Kf2 Rxh2 {[%mdl 64] Double Attack} 56. Qc8+ Qg8 57. Qc3+ Qg7) 55. Kf3 Qf6+ ({Stronger than} 55... Qxh2 56. Qe8+ Kh7 57. Qg6+ Kh8 58. Qxh6+ Kg8 59. Qg6+ Kh8 60. e7 $11) 56. Kg3 {intending e7.} Qg7+ (56... Qg5+ $142 57. Kf2 Rxh2 {[%mdl 64] Double Attack} 58. Qc8+ Qg8 59. Qc3+ Qg7 60. Qc8+ {[#]} Kh7 $1 {[%mdl 512]}) 57. Ng4 Qxd7 58. exd7 {KR-KN} Rd1 59. Ne5 Kg7 60. Kf3 a5 61. Ke4 Rd6 62. Nc4 Rxd7 63. Nxb6 Rb7 {Accuracy: White = 61%, Black = 77%.} 0-1

[Event "Lindores Abbey Rapid Challenge"]
[Site "Online"]
[Date "2020.05.19"]
[Round "2"]
[White "Carlsen, Magnus"]
[Black "Aronian, Levon"]
[Result "1-0"]
[WhiteElo "2881"]
[BlackElo "2778"]
[Annotator "TA"]
[PlyCount "43"]
[EventDate "2020.05.19"]
[EventType "tourn"]
[SourceTitle "playchess.com"]
[Source "ChessBase"]
[SourceQuality "1"]

{[%evp 13,43,10,16,12,17,14,20,27,16,0,10,0,26,-20,-7,-2,0,0,143,148,427,383,758,762,747,722,29988,29989,29991,29980,5465,5078]} 1. e4 e5 2. Nf3 Nf6 3. Nxe5 d6 4. Nf3 Nxe4 5. Nc3 Nxc3 6. dxc3 Be7 7. Be3 O-O 8. Qd2 {C42: Petroff Defence: 3 Nxe5 and unusual White 3rd moves.} Nd7 9. O-O-O c6 {Recently 9...Nf6 got a lot of attention.} 10. h4 {The position is equal.} d5 11. Bd3 Re8 12. Rde1 Nf6 {[#]} 13. Ng5 $5 $146 {[%mdl 8] An interesting novelty.} ({Predecessor:} 13. Bd4 c5 14. Bxf6 Bxf6 15. Qf4 Be6 16. Ng5 g6 17. Bb5 Rf8 18. Nxe6 fxe6 19. Rxe6 Bxc3 {½-½ (33) Nakamura,H (2729)-Kramnik,V (2790) Moscow 2010}) 13... c5 14. c4 h6 {Hoping for ...b5.} 15. cxd5 c4 ({Don't blunder} 15... hxg5 $2 16. hxg5 Nxd5 17. Bh7+ Kf8 18. Be4 $18) (15... Qxd5 $11 16. Bh7+ Kf8 17. Qxd5 Nxd5) 16. Bxc4 $16 {[#] Nxf7! is the strong threat.} hxg5 $2 {[%mdl 8192] This costs Black the game.} (16... Qc7 $16 17. Qd3 Bd6) 17. hxg5 $18 Ne4 $2 (17... Bf5 18. gxf6 Bxf6) 18. Qd1 {White wants to mate with Qh5.} Bxg5 19. Qh5 {[%csl Gh1][%cal Rh5h8]} Bxe3+ 20. Rxe3 {[%csl Gh1][%cal Rh5h8]} f5 21. d6+ Be6 22. Qh7+ {Accuracy: White = 93%, Black = 43%.} 1-0

[Event "Lindores Abbey Rapid Challenge"]
[Site "Online"]
[Date "2020.05.19"]
[Round "2"]
[White "Grischuk, Alexander"]
[Black "Duda, Jan-Krzysztof"]
[Result "1-0"]
[WhiteElo "2784"]
[BlackElo "2774"]
[Annotator "TA"]
[PlyCount "101"]
[EventDate "2020.05.19"]
[EventType "tourn"]
[SourceTitle "playchess.com"]
[Source "ChessBase"]
[SourceQuality "1"]

{[%evp 13,101,36,20,9,25,13,16,12,25,14,31,24,22,28,42,20,53,49,50,46,48,31,59,54,70,50,62,46,49,67,60,42,125,124,158,160,150,153,211,211,221,183,183,157,183,183,183,174,258,256,258,215,366,351,937,907,1251,1251,1251,1251,1248,1232,830,703,1177,1170,1162,1104,846,566,6348,5830,7499,6311,7514,6982,4893,2631,11491,29940,4702,2379,29972,29973,29973,29974,29962,29960,5189,4718]} 1. d4 d5 2. c4 c6 3. Nf3 Nf6 4. e3 e6 5. Bd3 dxc4 6. Bxc4 Nbd7 7. O-O Bd6 8. Qc2 {D30: Queen's Gambit Declined: Systems without Nc3.} O-O 9. e4 {[#] Black must now prevent e5.} e5 $1 10. Be3 {The position is equal.} Qc7 11. h3 exd4 12. Bxd4 {[#]} h6 $146 ({Predecessor:} 12... b5 13. Bd3 Bb7 14. Nbd2 a6 15. a4 Rad8 16. Rfe1 Rfe8 17. Rad1 h6 18. Bc3 Nc5 {½-½ (40) Glatzel,H (2274)-Klochan,P (2335) ICCF email 2016}) 13. Nbd2 Re8 14. Rfe1 Ne5 15. Bxe5 Bxe5 16. Nxe5 Qxe5 17. Nf3 Qh5 18. e5 Nh7 19. e6 Bxe6 20. Re5 $40 {[%mdl 128] White is up to no good.} Ng5 21. Nxg5 hxg5 22. Rae1 Re7 {[#]} (22... Rad8 $14) 23. f4 $1 $16 ({Resist} 23. Bxe6 $6 Rxe6 24. Rxe6 fxe6 $14) 23... Qh4 24. f5 Qd4+ 25. Kh1 Bxc4 (25... Qxc4 $16 26. Qxc4 Bxc4 27. Rxe7 Bxa2 28. Rxb7 Bd5) 26. Rxe7 $18 Bd5 27. Re8+ Rxe8 28. Rxe8+ {[%mdl 4096] Endgame KQR-KQB} Kh7 29. Qe2 {[%cal Re2h5]} Qh4 30. Qg4 Qxg4 (30... Bxa2 $142 31. Re7 b5) 31. hxg4 Bxa2 {KR-KB} 32. Re7 b5 $2 (32... a6 33. Rxb7 Bc4) 33. Rxa7 Bd5 $2 (33... Bc4 34. Rb7 Kh6) 34. b4 f6 35. Rd7 Kg8 36. Kg1 Kf8 37. Kf2 Be4 38. Rc7 Bd5 39. g3 Kg8 40. Ke3 Bg2 41. Rd7 Bh3 42. Kf3 Bf1 43. Rd6 Bc4 44. Ke3 Bb3 45. Rxc6 Kh7 46. Rc5 Ba4 47. Kd4 g6 48. Rc7+ Kg8 49. fxg6 Bb3 50. Kc5 Bc4 51. Rb7 {Black did not feel at home in the position after the opening. Accuracy: White = 92%, Black = 44%.} 1-0

[Event "Lindores Abbey Rapid Challenge"]
[Site "Online"]
[Date "2020.05.19"]
[Round "2"]
[White "Dubov, Daniil"]
[Black "Nakamura, Hikaru"]
[Result "1/2-1/2"]
[WhiteElo "2770"]
[BlackElo "2829"]
[Annotator "TA"]
[PlyCount "76"]
[EventDate "2020.05.19"]
[EventType "tourn"]
[SourceTitle "playchess.com"]
[Source "ChessBase"]
[SourceQuality "1"]

{[%evp 15,76,10,18,15,16,13,9,4,4,0,22,18,20,27,33,12,4,0,0,0,0,0,0,0,0,0,0,0,0,-4,-2,-26,0,0,0,0,0,0,0,0,0,0,0,0,0,0,0,0,0,0,0,0,0,0,0,0,3,0,3,0,3,0,3]} 1. d4 Nf6 2. c4 e6 3. Nf3 d5 4. g3 Be7 5. Bg2 O-O 6. Nc3 {[%cal Bb1c3,Bc3d1,Bd1e3][%mdl 32]} dxc4 7. Ne5 c5 8. dxc5 Qxd1+ 9. Nxd1 {E06: Closed Catalan: Early deviations.} Bxc5 10. Ne3 c3 11. bxc3 Nbd7 12. Nd3 Be7 {[#]} 13. a4 $146 ({Predecessor:} 13. O-O Rb8 14. Nc2 e5 15. Ne3 Re8 16. Nc4 Bf8 17. Rd1 e4 18. Nb4 b6 19. Bf4 {½-½ (60) Firouzja,A (2470)-Idani,P (2576) Teheran 2017}) 13... Rb8 14. a5 Nc5 15. Nxc5 Bxc5 16. Ba3 Bxa3 17. Rxa3 Bd7 18. O-O Rfc8 19. Rb1 Bc6 20. Rab3 {With the idea Bxc6.} Bxg2 21. Kxg2 Rc7 22. f3 h6 23. Kf2 g6 24. Rb4 {The position is equal.} b6 25. axb6 axb6 26. Rxb6 Rxb6 27. Rxb6 Rxc3 $11 {[%mdl 4096] Endgame KRN-KRN} 28. g4 Kg7 {[#] And now ...Rxe3! would win.} 29. Rb7 Rc5 30. h4 Nd5 31. Nxd5 Rxd5 {KR-KR} 32. Ra7 h5 33. g5 Rb5 34. Rc7 Ra5 35. Rd7 Rc5 36. Ra7 Rb5 37. Rd7 Rc5 38. Ra7 Rb5 {A rather calm draw. Accuracy: White = 100%, Black = 96%.} 1/2-1/2